01248nam a2200289 i 4500003000900000005001700009008004100026040004300067082001900110100005800129245007100187264005100258300003900309336002600348337002800374338002700402500017400429500002300603504005200626650002600678655001700704700003600721700002600757942001200783999001500795952014800810EG-ScBUE20250518094006.0250429s1956 nyud f b 001 0 eng d aEG-ScBUEbengerdacEG-ScBUEdEG-ScBUE04a532.5bDRY2221 aDryden, Hugh L.q(Hugh Latimer),d1898-1965,eauthor.10aHydrodynamics /cHugh L. Dryden, Francis D. Murnaghan, H. Bateman. 1a[New York] :bDover Publications, INC.,c1956. a634, 15 pages :bdiagrams ;c21 cm 2rdacontentatextbtxt aunmediated2rdamediabn avolumebnc2rdacarrier a"An unabridged and unaltered republication of the report of the Committee on Hydrodynamics, Division of Physical Sciences (Bulletin 84 of the National Research Council)" aIncludes appendix. aIncludes bibliographical references and index.  7aHydrodynamics.2BUEsh vReading book1 aMurnaghan, Francis D.,eauthor.1 aBateman, H.,eauthor. cBB2ddc c1749d1749 00102ddc40708Donation-GaMAINbMAINc1STd2012-12-06eDonationl2m2o532.5 DRYp000002568r2025-07-15 00:00:00s2016-09-24w2006-12-12yBB